| 000 | 00946nam a2200205 a 4500 | ||
|---|---|---|---|
| 008 | 120416s2000 ||||||||||||||||| || u | ||
| 020 | _a8120310152 | ||
| 050 | _aTK 7874 Jac | ||
| 100 | _aJacob, Michael J | ||
| 245 | 1 | 0 | _aApplications and design with analog integrated circuits |
| 250 | _a2nd ed. | ||
| 260 |
_aNew Delhi _bFT Prentice-Hall _c2000 |
||
| 350 | _a0.00 | ||
| 650 | _aANALOG | ||
| 650 | _aCIRCUITS | ||
| 650 | _aINTEGRATED CIRCUITS | ||
| 995 |
_aANNEX COLLECTION (Main Library) _D0.00 _e733053 _FCBU-MAIN LIBRARY (Kitwe) _H1 _I22.50 _jTK 7874 Jac _M1 _UAVAILABLE _WJun 28, 2006 _y44392 _ZAnnex Low-Usage Collection |
||
| 995 |
_aMAIN LIBRARY OPEN ACCESS _D0.00 _e733055 _FCBU-MAIN LIBRARY (Kitwe) _H3 _I22.50 _jTK 7874 Jac _M3 _UAVAILABLE _y44393 _ZMain Library Open Access Collection |
||
| 995 |
_aMAIN LIBRARY OPEN ACCESS _D0.00 _e733054 _FCBU-MAIN LIBRARY (Kitwe) _H2 _I22.50 _jTK 7874 Jac _M2 _UAVAILABLE _y44394 _ZMain Library Open Access Collection |
||
| 999 |
_c84267 _d84267 |
||